| 000 | 01333nam a2200229 a 4500 | ||
|---|---|---|---|
| 008 | 190823s2006 ||||||||||||||||| || u | ||
| 020 | _a9780471699668 | ||
| 050 | _aTL 671.6 Sun | ||
| 100 | _aSun, C.T | ||
| 245 | 1 | 0 |
_aMechanics of aircraft structures. (2nd edition) _cBy C.T. Sun |
| 250 | _a2nd edition | ||
| 260 |
_aNew York _bJohn Wiley & Sons, Inc _c2006 |
||
| 300 | _axvi, 298 pages : illustrations | ||
| 350 | _a125.48 | ||
| 650 | _aFRACTURE MECHANICS | ||
| 650 | _aAIRFRAMES | ||
| 995 |
_aMAIN LIBRARY OPEN ACCESS _e749537 _FCBU-MAIN LIBRARY (Kitwe) _I125.48 _jTL 671.6 Sun _M1 _UAVAILABLE _WAug 26, 2019 _y749537 _ZMain Library Open Access Collection |
||
| 995 |
_aMAIN LIBRARY OPEN ACCESS _e749589 _FCBU-MAIN LIBRARY (Kitwe) _I125.48 _jTL 671.6 Sun _M3 _UAVAILABLE _WAug 26, 2019 _y749589 _ZMain Library Open Access Collection |
||
| 995 |
_aMAIN LIBRARY OPEN ACCESS _e749591 _FCBU-MAIN LIBRARY (Kitwe) _I125.48 _jTL 671.6 Sun _M5 _UAVAILABLE _WAug 26, 2019 _y749591 _ZMain Library Open Access Collection |
||
| 995 |
_aMAIN LIBRARY OPEN ACCESS _e749538 _FCBU-MAIN LIBRARY (Kitwe) _I125.48 _jTL 671.6 Sun _M2 _UAVAILABLE _WAug 26, 2019 _y749538 _ZMain Library Open Access Collection |
||
| 995 |
_aMAIN LIBRARY OPEN ACCESS _e749590 _FCBU-MAIN LIBRARY (Kitwe) _I125.48 _jTL 671.6 Sun _M4 _UAVAILABLE _WAug 26, 2019 _y749590 _ZMain Library Open Access Collection |
||
| 999 |
_c82832 _d82832 |
||